| 000 | 00787cam a22002292 4500 | ||
|---|---|---|---|
| 001 | 0000003483 | ||
| 005 | 20151217151926.0 | ||
| 008 | 070508s xx 000 0 eng d | ||
| 040 |
_aKABU _cKABU |
||
| 050 | 0 |
_aKSK1744.52002 _b.A3C66 |
|
| 110 | 2 |
_aThe Constitution of Kenya Review Commission (CKRC) _@0000160669 |
|
| 245 | 1 | 0 | _aDraft Bill of the Constitution of Kenya Review Commission. |
| 260 |
_aNairobi : _bCKRC, _c2002. |
||
| 300 | _a77 p. | ||
| 650 | 0 |
_aConstitution (Draft) _zKenya. _@0000153438 |
|
| 650 | 0 |
_aConstitutional law _zKenya. _@0000153433 |
|
| 908 | _a070508 | ||
| 950 | _@1 | ||
| 999 |
_c6424 _d6424 |
||